000 00466nam a2200169Ia 4500
003 GCL
008 140319s9999 xx 000 0 ara d
040 _aGCL /
_cGCL
082 0 4 _aد
_b050
100 1 _aسيد سلامة
245 1 0 _aمترو الانفاق : انجاز واعجاز(اقرا 535) /
_cسيد سلامة
300 _a157
490 _aوثائق ونصوص
_v0
650 0 4 _aمترو الانفاق
650 0 4 _aالمترو
942 _2ddc
_cCF
999 _c27201
_d27201